Welcome to the Holygrace Academy Library

Please use search bar below to get started

MALAYALAM RACHANAPADAVALI (Record no. 1051)

MARC details
000 -LEADER
fixed length control field 00297nam a22001337a 4500
020 ## - INTERNATIONAL STANDARD BOOK NUMBER
ISBN 978-93-83080-54-0
082 ## - DEWEY DECIMAL CLASSIFICATION NUMBER
Classification number 894.812
Item number KRI/M
100 ## - MAIN ENTRY--AUTHOR NAME
Personal name S.KRISHNAKUMAR
245 ## - TITLE STATEMENT
Title MALAYALAM RACHANAPADAVALI
260 ## - PUBLICATION, DISTRIBUTION, ETC. (IMPRINT)
Place of publication THRICHUR
Name of publisher H & C BOOKS
Year of publication 2013
300 ## - PHYSICAL DESCRIPTION
Number of Pages 156
650 ## - SUBJECT ADDED ENTRY--TOPICAL TERM
Geographic subdivision KERALA
942 ## - ADDED ENTRY ELEMENTS (KOHA)
Koha item type Books
Holdings
Withdrawn status Lost status Collection code Home library Current library Shelving location Date acquired Source of acquisition Cost, normal purchase price Full call number Accession Number Koha item type
    Reference Main Library Main Library   07/05/2014 purchase 20.00 894.812 KRI/M 04122 Books
    Reference Main Library Main Library   07/05/2014 purchase 20.00 894.812 KRI/M 04121 Books